| 000 | 00363nam a2200133 a 4500 | ||
|---|---|---|---|
| 005 | 20140412111418.0 | ||
| 008 | 070906s19uu xx 00 eng d | ||
| 020 | _a971-508-228-9 | ||
| 050 |
_aBB _bBa23 2003 |
||
| 100 | _aVillanueva, Rene | ||
| 245 |
_aAng Barumbadong bus / _cRene Villanueva. |
||
| 260 |
_aPhilippines : _bAdarna House, _c2003. |
||
| 999 |
_c105931 _d105931 |
||